000 00580nam a22001577a 4500
999 _c530144
_d530144
020 _a9788126933976
082 _aA99 V836/An14/3
100 _aby Ananda, Sri
_953868
245 _aSwami Vivekananda: The Complete Biography, Volume 3: His First Visit to the west & Return Home After First Visit to the West
_cSri Ananda
260 _aNew Delhi
_bAtlantic Publishers & Distributors
_c2022
300 _a1196p.
650 _aBiographies
_953869
650 _aHindu philosophers
_953870
650 _aHindu - India - Biography
_953871
650 _aVivekananda, Swami, 1863-1902
_953872